El impacto del incremento salarial en México : un análisis con regresión distributiva /

Guardado en:
Bibliografiske detaljer
Hovedforfatter: Leyva Gómez, María Alejandra (autor)
Format: Tesis Bog
Sprog:spansk
Udgivet: Guadalajara, México : edición de autor, 2025
Fag:
Online adgang:Ver documento en línea
Tags: Tilføj Tag
Ingen Tags, Vær først til at tagge denne postø!

MARC

LEADER 00000nam^a2200000^a^4500
001 000623369
005 20251027000000.0
009 20260310133936.54
037 |a Acervo ITESO - Biblioteca 
041 |a ESP 
090 |a MDT. 80 
100 |a Leyva Gómez, María Alejandra  |e (autor) 
245 1 3 |a El impacto del incremento salarial en México :  |b un análisis con regresión distributiva /  |c M.A. Leyva Gómez. 
264 1 |a Guadalajara, México :  |b edición de autor,  |c 2025 
300 |a 1 tesis electrónica en línea (97 p.) 
300 |a 1 recurso en línea 
336 |a datos para computadora  |b cod  |2 rdacontenido 
337 |a computadora  |b c  |2 rdamedio 
338 |a recurso en línea  |b cr  |2 rdasoporte 
502 |a ITESO Tesis de Maestría en Ciencia de Datos 
649 |a XX 
650 |a Aprendizaje Automático (Inteligencia Artificial) 
650 |a Inteligencia Artificial 
650 |a Algoritmos Computacionales 
650 |a Pobreza -  |z México 
650 |a Salario Mínimo -  |z México -  |x Tema Principal 
650 |a Sueldos y Salarios -  |z México 
650 |a Distribución del Ingreso -  |z México 
650 |a Igualdad y Desigualdad -  |z México 
650 |a Análisis de Regresión 
650 |a Análisis de Datos 
650 |a Análisis Económico -  |x Aspectos Tecnológicos -  |x Tema Principal 
650 |a Contabilidad Nacional 
650 |a Estadística Descriptiva 
650 |a Estadística 
650 |a Ciencia de Datos 
650 |a Ingeniería Económica 
650 |a Economía -  |z México -  |x Historia -  |y 2018-2024 
856 4 0 |u https://hdl.handle.net/11117/11755  |y Ver documento en línea 
910 |a Fondo General 
920 |a Electrónicos - Tesis del ITESO en Línea 
930 |a Repositorio Institucional 
905 |a 201 
901 |a 623369-1  |b IT2  |c ETI  |u 20251027 
902 |a https://opac.biblio.iteso.mx/vufind/Record/000623369